<?xml version="1.0" encoding="UTF-8"?>
<collection xmlns="http://www.loc.gov/MARC21/slim">
  <record>
    <leader>00000nam  2200000   4500</leader>
    <controlfield tag="001">INLIS000000000015776</controlfield>
    <controlfield tag="005">20230905030649</controlfield>
    <datafield tag="035" ind1="#" ind2="#">
      <subfield code="a">0010-0923000017</subfield>
    </datafield>
    <controlfield tag="007">ta</controlfield>
    <controlfield tag="008">230905################|##########|#|##</controlfield>
    <datafield tag="084" ind1="#" ind2="#">
      <subfield code="a">R 065 PIM II 2022</subfield>
    </datafield>
    <datafield tag="100" ind1=" " ind2="#">
      <subfield code="a">Istyadi Insani</subfield>
    </datafield>
    <datafield tag="245" ind1="1" ind2="#">
      <subfield code="a">Optimalisasi ESKLD (Eselonisasi Kementerian, Lembaga dan Daerah) Guna Percepatan Perumusan Kebijakan di Lingkungan Kementerian RANRB /</subfield>
      <subfield code="c">Istyadi Insani</subfield>
    </datafield>
    <datafield tag="260" ind1="#" ind2="#">
      <subfield code="a">Jakarta :</subfield>
      <subfield code="b">Pusbangkom Pimnas dan Manajerial ASN,</subfield>
      <subfield code="c">2022</subfield>
    </datafield>
    <datafield tag="300" ind1="#" ind2="#">
      <subfield code=":"/>
      <subfield code="b">Ilus ;</subfield>
      <subfield code="c">30 cm</subfield>
    </datafield>
    <datafield tag="250" ind1="#" ind2="#">
      <subfield code="a">1</subfield>
    </datafield>
    <datafield tag="650" ind1="#" ind2="4">
      <subfield code="a">Manajemen Administrasi Negara</subfield>
    </datafield>
    <datafield tag="520" ind1="#" ind2="#">
      <subfield code="a">Pada saat ini, sebagai Fase Transisi menuju SMART Government yang mencakup: kelengkapan proses bisnis dan tata hubungan kerja internal K/L, inisiasi proses bisnis antar sasaran pembangunan lintas bidang/sektor, dan antar K/L, dan layanan publik secara interaktif berbasis SPBE terutama pasca dilaksanakannya penyederhanaan birokrasi di lingkungan Pemerintah Pusat maupun Pemerintah Daerah maka perlu adanya percepatan perumusan kebijakan khususnya bidang kelembagaan dan tata laksana yang didukung dengan data yang tepat dan akurat.</subfield>
    </datafield>
    <datafield tag="990" ind1="#" ind2="#">
      <subfield code="a">065</subfield>
    </datafield>
  </record>
</collection>
